The official guide for foreign-educated nurses : (Record no. 24519)
[ view plain ]
| 000 -LEADER | |
|---|---|
| fixed length control field | 01831nam a2200265 a 4500 |
| 005 - DATE AND TIME OF LATEST TRANSACTION | |
| control field | 20140310183526.0 |
| 008 - FIXED-LENGTH DATA ELEMENTS--GENERAL INFORMATION | |
| fixed length control field | 111014s19uu xx 00 eng d |
| 010 ## - LIBRARY OF CONGRESS CONTROL NUMBER | |
| LC control number | 2009012551 |
| 020 ## - INTERNATIONAL STANDARD BOOK NUMBER | |
| International Standard Book Number | 9780826110657 |
| 050 ## - LIBRARY OF CONGRESS CALL NUMBER | |
| Classification number | RT4 |
| Item number | .Of44 2009 |
| 100 ## - MAIN ENTRY--PERSONAL NAME | |
| Personal name | Nichols, Barbara L., editor |
| 245 ## - TITLE STATEMENT | |
| Title | The official guide for foreign-educated nurses : |
| Remainder of title | what you need to know about nursing and health care in the United States / |
| Statement of responsibility, etc | CGFNS International, Inc. (Commission on Graduates of Foreign Nursing Schools) ; Barbara L. Nichols, Catherine R. Davis, editors. |
| 260 ## - PUBLICATION, DISTRIBUTION, ETC. (IMPRINT) | |
| Place of publication, distribution, etc | New York : |
| Name of publisher, distributor, etc | Springer Pub. Co, |
| Date of publication, distribution, etc | 2009. |
| 300 ## - PHYSICAL DESCRIPTION | |
| Extent | xix, 404 p. : |
| Other physical details | ill., map ; |
| Dimensions | 23cm |
| 500 ## - GENERAL NOTE | |
| General note | Includes bibliographical references and index. |
| 520 ## - SUMMARY, ETC. | |
| Summary, etc | Contents: Foreign-educated nurses in the U.S. health care system / Barbara L. Nichols, Catherine R. Davis, and Donna R. Richardson -- Preparing to leave your home country / Catherine R. Davis and Donna R. Richardson -- Entry into the United States / Donna R. Richardson and Catherine R. Davis -- Entry into the U.S. workforce / Marcia M. Rachel -- Employment in the United States / Michael L. Evans -- The U.S. health care system / Nancy C. Sharts-Hopko -- Nursing practice in the United States / Winifred Y. Carson-Smith and Barbara L. Nichols -- Communicating in the U.S. health care system / Catherine R. Davis and Donna R. Richardson -- Adjusting to a new community / Virginia C. Alinsao -- Continuing your education / Theresa M. Valiga -- Resources at your disposal / Lucille A. Joel. |
| 521 ## - TARGET AUDIENCE NOTE | |
| Target audience note | |
| 650 ## - SUBJECT ADDED ENTRY--TOPICAL TERM | |
| Topical term or geographic name as entry element | Nurses, Foreign |
| Geographic subdivision | United States |
| 650 ## - SUBJECT ADDED ENTRY--TOPICAL TERM | |
| Topical term or geographic name as entry element | Nursing |
| Geographic subdivision | United States |
| 650 ## - SUBJECT ADDED ENTRY--TOPICAL TERM | |
| Topical term or geographic name as entry element | Delivery of Health Care |
| Geographic subdivision | United States |
| 650 ## - SUBJECT ADDED ENTRY--TOPICAL TERM | |
| Topical term or geographic name as entry element | Emigration and Immigration |
| Geographic subdivision | United States |
| 700 ## - ADDED ENTRY--PERSONAL NAME | |
| Personal name | Davis, Catherine R., editor |
| 942 ## - ADDED ENTRY ELEMENTS (KOHA) | |
| Koha item type | Books |
| Source of classification or shelving scheme | Library of Congress Classification |
| Call number prefix | Foreign |
| Withdrawn status | Lost status | Source of classification or shelving scheme | Damaged status | Home library | Current library | Shelving location | Date acquired | Source of acquisition | Total Checkouts | Full call number | Barcode | Date last seen | Copy number | Price effective from | Koha item type |
|---|---|---|---|---|---|---|---|---|---|---|---|---|---|---|---|
| Library of Congress Classification | College Library | College Library | General Circulation Section | 01/13/2014 | Donation | RT 4 .Of44 2009 | C12629 | 05/15/2018 | 1 | 01/13/2014 | Books |